| 000 | 00823cam a2200265I 4500 | ||
|---|---|---|---|
| 001 | 14534 | ||
| 003 | BD-RjUL | ||
| 005 | 20211208235639.0 | ||
| 008 | 140206s1960 enka 00100 eng d | ||
| 035 | _a(BD-RjUL)14587 | ||
| 040 |
_aDLC _cFBA _dSER _dBOS _dBD-RjUL _beng |
||
| 041 | _aeng | ||
| 082 | 0 | 4 |
_219 _a537.6 _bBEE 1960 |
| 100 | 1 |
_aBell, D. A. _q(David Arthur) _945328 |
|
| 245 | 1 | 0 |
_aElectrical noise : _bfundamentals and physical mechanism / _cD. A. Bell. |
| 260 |
_aLondon ; _aPrinceton, N.J. : _bVan Nostrand, _c1960. |
||
| 300 |
_ax, 342 p. : _bill. ; _c24 cm. |
||
| 504 | _aIncludes index. | ||
| 650 | 0 |
_aQuantum electrodynamics. _925661 |
|
| 650 | 0 |
_aElectric currents. _927773 |
|
| 650 | 0 |
_aTransients (Electricity) _940053 |
|
| 650 | 0 |
_aElectric circuits. _945329 |
|
| 942 |
_2ddc _cBK |
||
| 999 |
_c14534 _d14534 |
||